Largest Cities in the World With at Least Two L's - Statistics

General Stats
  • This quiz has been taken 105 times
  • The average score is 7 of 20
Answer Stats
# Population Continent Answer % Correct
1 17,700,000 North America Los Angeles
95%
3 7,550,000 North America Dallas
71%
3 7,550,000 North America Philadelphia
56%
6 4,225,000 South America Medellín
53%
2 9,100,000 Asia Kuala Lumpur
51%
13 1,690,000 Europe Marseille
49%
12 1,890,000 Europe Liverpool
47%
14 1,640,00 North America Nashville
45%
7 3,100,000 North America Cleveland
40%
11 2,025,000 North America Jacksonville
40%
17 1,310,000 Europe Lille
35%
9 2,275,000 South America Barranquilla
25%
8 2,625,000 North America Salt Lake City
25%
17 1,310,000 Europe Sevilla
24%
10 2,200,000 Africa Brazzaville
18%
5 4,975,000 Europe Cologne / Dusseldorf
15%
15 1,530,000 Asia Allahabad
9%
20 1,240,000 North America McAllen
4%
16 1,430,000 Asia Bareilly
0%
19 1,270,000 Asia Tiruchirappalli
0%
No matching quizzes found
Score Distribution
Percent of People with Each Score
Percentile by Number Answered
Your Score History
You have not taken this quiz